The Mughal nobility under Aurangzeb/ (Record no. 18509)
[ view plain ]
| 000 -LEADER | |
|---|---|
| fixed length control field | 00821cam a22002651 4500 |
| 001 - CONTROL NUMBER | |
| control field | 10351186 |
| 003 - CONTROL NUMBER IDENTIFIER | |
| control field | BDDh-ASL |
| 005 - DATE AND TIME OF LATEST TRANSACTION | |
| control field | 20231015025718.0 |
| 008 - FIXED-LENGTH DATA ELEMENTS--GENERAL INFORMATION | |
| fixed length control field | 720926s1966 ii b 000 0 eng |
| 010 ## - LIBRARY OF CONGRESS CONTROL NUMBER | |
| LC control number | sa 67000922 |
| 025 ## - OVERSEAS ACQUISITION NUMBER | |
| Overseas acquisition number | PL480:I-E-6848 |
| 035 ## - SYSTEM CONTROL NUMBER | |
| System control number | (OCoLC)415020 |
| 040 ## - CATALOGING SOURCE | |
| Original cataloging agency | DLC |
| Transcribing agency | OAU |
| Modifying agency | BDDh-ASL |
| -- | DLC |
| 042 ## - AUTHENTICATION CODE | |
| Authentication code | premarc |
| 050 00 - LIBRARY OF CONGRESS CALL NUMBER | |
| Classification number | JQ211 |
| Item number | .A8 1966 |
| 082 ## - DEWEY DECIMAL CLASSIFICATION NUMBER | |
| Classification number | 954.02 |
| Item number | ALM |
| 100 2# - MAIN ENTRY--PERSONAL NAME | |
| Personal name | Athar Ali, M. |
| 245 14 - TITLE STATEMENT | |
| Title | The Mughal nobility under Aurangzeb/ |
| Statement of responsibility, etc. | by M. Athar Ali. |
| 260 ## - PUBLICATION, DISTRIBUTION, ETC. | |
| Place of publication, distribution, etc. | Bombay: |
| -- | New York: |
| Name of publisher, distributor, etc. | Published for the Dept. of History, Aligarh Muslim University, |
| -- | [by] Asia Pub. House, |
| Date of publication, distribution, etc. | 1966. |
| 300 ## - PHYSICAL DESCRIPTION | |
| Extent | x, 294 p. |
| Dimensions | 25 cm. |
| 504 ## - BIBLIOGRAPHY, ETC. NOTE | |
| Bibliography, etc. note | Bibliography: p. 273-278. |
| 650 #0 - SUBJECT ADDED ENTRY--TOPICAL TERM | |
| Topical term or geographic name entry element | Nobility |
| Geographic subdivision | Mogul Empire. |
| 906 ## - LOCAL DATA ELEMENT F, LDF (RLIN) | |
| a | 7 |
| b | cbc |
| c | oclcrpl |
| d | u |
| e | ncip |
| f | 19 |
| g | y-gencatlg |
| 942 ## - ADDED ENTRY ELEMENTS (KOHA) | |
| Source of classification or shelving scheme | Dewey Decimal Classification |
| Koha item type | Books |
| Withdrawn status | Lost status | Source of classification or shelving scheme | Damaged status | Not for loan | Collection code | Home library | Current library | Shelving location | Date acquired | Source of acquisition | Total Checkouts | Full call number | Barcode | Date last seen | Copy number | Price effective from | Koha item type | Public note |
|---|---|---|---|---|---|---|---|---|---|---|---|---|---|---|---|---|---|---|
| Dewey Decimal Classification | Not For Loan | Non-fiction | Asiatic Society Library | Asiatic Society Library | Harrison Collection | 10/12/2020 | Donated by Prof. John B. Harrison | 954.02 ALM | 101701 | 10/12/2020 | C-1 | 10/12/2020 | Books | RARE | ||||
| Dewey Decimal Classification | Non-fiction | Asiatic Society Library | Asiatic Society Library | General Stacks | 02/28/2021 | ASB Library Collections | 954.02 ALM | 106776 | 02/28/2021 | C-2 | 02/28/2021 | Books | RARE |